| LEADER | 00823nam a2200193 a 4500 | ||
|---|---|---|---|
| 001 | GR-Patra6 | ||
| 008 | 991022s1967 gr g 000 0 gre d | ||
| 040 | |a GrPaTEI |b gre |c GR-PaULI | ||
| 082 | 0 | |a 338.4791 | |
| 100 | 1 | |a Λογοθέτης, Μιλτιάδης Ι. | |
| 245 | 1 | 0 | |a Προβλήματα και κατευθύνσεις τουριστικής πολιτικής / |c Μιλτιάδης Ι. Λογοθέτης. |
| 260 | |a Αθήνα : |b [χ.ο.], |c 1967 | ||
| 300 | |a xvi, 625σ. | ||
| 650 | 4 | |a Τουρισμός | |
| 651 | 4 | |a ΕΛΛΑΔΑ | |
| 942 | |2 ddc | ||
| 952 | |0 1 |1 0 |2 ddc |4 0 |6 338_479100000000000_ΛΟΓ |7 0 |9 280197 |a LISK |b LISK |c BSC |d 2021-01-17 |e 24 |f 0 |g 0.00 |l 0 |o 338.4791 ΛΟΓ |p 924100521 |r 2021-01-17 00:00:00 |t 1 |w 2021-01-17 |y BK15 |x 19991024 0 1 |x GrPaTEI | ||
| 971 | |a .b26475005 |b 08-10-20 |c 23-09-16 | ||
| 999 | |c 163345 |d 163345 | ||